Colombia y América Latina frente a Europa 1992 / (Registro nro. 5731)

Detalles MARC
000 -LEADER
fixed length control field 01504nam a2200289Ia 4500
003 - CONTROL NUMBER IDENTIFIER
control field OSt
005 - DATE AND TIME OF LATEST TRANSACTION
control field 20200504173132.0
008 - FIXED-LENGTH DATA ELEMENTS--GENERAL INFORMATION
fixed length control field 191128s1991 ck gr 000 0 spa d
020 ## - INTERNATIONAL STANDARD BOOK NUMBER
International Standard Book Number 9589272061
040 ## - CATALOGING SOURCE
Original cataloging agency CO-JMCR
Transcribing agency CO-JMCR
041 0# - LANGUAGE CODE
Language code of text/sound track or separate title spa
082 04 - DEWEY DECIMAL CLASSIFICATION NUMBER
Classification number 327.098 /
Item number R173c
Edition number 23
100 1# - MAIN ENTRY--PERSONAL NAME
Personal name Ramírez, José Luis,
Relator term autor
9 (RLIN) 3893
245 10 - TITLE STATEMENT
Title Colombia y América Latina frente a Europa 1992 /
Statement of responsibility, etc. José Luis Ramírez, Marta Jimena Osorio y Alfredo Fuentes
250 ## - EDITION STATEMENT
Edition statement 1a edición
260 ## - PUBLICATION, DISTRIBUTION, ETC.
Place of publication, distribution, etc. Bogotá :
Name of publisher, distributor, etc. Fundación Friedrich Ebert de Colombia : Centro de Estudios Internacionales de la Universidad de los Andes : Corporación Latinoamericana de Economía Internacional,
Date of publication, distribution, etc. 1991
300 ## - PHYSICAL DESCRIPTION
Extent 235 páginas ;
Dimensions 20 cm.
504 ## - BIBLIOGRAPHY, ETC. NOTE
Bibliography, etc. note Bibliografía: páginas 128-131
505 0# - FORMATTED CONTENTS NOTE
Formatted contents note Las relaciones internacionales de Colombia con la comunidad económica europea -- Las relaciones comerciales entre Colombia y la comunidad económica Europea -- Europa 1992 y América Latina : relaciones entre bloques económicos en los años noventa
520 ## - SUMMARY, ETC.
Summary, etc. Las relaciones entre Europa Occidental y América Latina se han desarrollado en un total asimetría entre lo político y lo económico. Este hecho ha generado una gran contradicción.
650 14 - SUBJECT ADDED ENTRY--TOPICAL TERM
Topical term or geographic name entry element Relaciones multilaterales
9 (RLIN) 3894
650 14 - SUBJECT ADDED ENTRY--TOPICAL TERM
Topical term or geographic name entry element Comunidad económica europea
9 (RLIN) 3895
650 14 - SUBJECT ADDED ENTRY--TOPICAL TERM
Topical term or geographic name entry element Relaciones internacionales
9 (RLIN) 3476
700 1# - ADDED ENTRY--PERSONAL NAME
Personal name Osorio, Marta Jimena,
Relator term autor
9 (RLIN) 3896
700 1# - ADDED ENTRY--PERSONAL NAME
Personal name Fuentes, Alfredo,
Relator term autor
9 (RLIN) 3897
942 ## - ADDED ENTRY ELEMENTS (KOHA)
Source of classification or shelving scheme Dewey Decimal Classification
Koha item type Books
Existencias
Withdrawn status Lost status Source of classification or shelving scheme Damaged status Not for loan Collection code Home library Current library Date acquired Source of acquisition Cost, normal purchase price Total Checkouts Full call number Barcode Date last seen Copy number Koha item type
    Dewey Decimal Classification     Non-fiction Biblioteca Pública José María del Castillo y Rada Biblioteca Pública José María del Castillo y Rada 04/15/2018 Donación 0.00   327.098 / R173c 430004069 05/16/2024 Ej.1 Books